000 00419nam a2200133Ia 4500
008 220217s9999||||xx |||||||||||||| ||und||
020 _a81-7808-131-8
082 _a005.74 FOL
100 _aFolk, Michael, J Zoellick, Bill & Greg, Riccardi
245 0 _aFile Structures ; an object oriented approach with c++
260 _aPeaarson education asia
_bNew Delhi
_c2004
300 _b295
650 _aDATA STRUCTURES
999 _c171487
_d171487